Neil Armstrong Quiz - Statistics

General Stats
  • This quiz has been taken 53 times
  • The average score is 7 of 12
Answer Stats
Question Answer % Correct
Finish the famous quote, "That's On my way! Step for man, one giant leap for _______" Mankind
92%
Engineer who was also on this mission Buzz Aldrin
87%
Space mission which lead him to the moon Apollo 11
84%
The amount of times he returned to space after the moon landing None
84%
President who awarded him the "Presidential Medal of Freedom" Richard Nixon
74%
War he served as a Navy officer in Korean War
66%
U.S. state he was born and died in Ohio
58%
Famous brothers that heavily influenced him on becoming an astronaut Wright brothers
53%
Pilot who was also on this mission Michael Collins
50%
Gold medal he was awarded in 2009 Congressional Gold Medal
16%
Women he married in 1994 Carol Held Knight
11%
Type of professor he became after the moon landing College Professor
5%
No matching quizzes found
Score Distribution
Percent of People with Each Score
Percentile by Number Answered
Your Score History
You have not taken this quiz